000
00186nam a22000857a 4500
999
_c
16299
_d
16299
003
OSt
008
200721b ||||| |||| 00| 0 eng d
245
_a
Co-operative societies act
942
_c
BK